Представление документа в формате RUSMARC

ПолеНазваниеЗначение
  Тип записи a
  Библиографический уровень m
001 Контрольный номер RU/IS/BASE/471024746
005 Дата корректировки 20260513163508.4
101 Язык документа 0_
a Язык текста rus
c Язык оригинала rus
200 Заглавие и сведения об ответственности 1_
a Заглавие Белеет парус одинокий
e Сведения, относящиеся к заглавию повесть
f Первые сведения об ответственности Катаев В. П. ; предисл. М. М. Кузнецова ; худож. Г. В. Гармидер
b Общее обозначение материала Текст
210 Выходные данные 1_
a Место издания Одесса
c Издательство Маяк
d Дата издания 1980
215 Физическое описание __
a Объем 280 с.
c Иллюстрации/тип воспроизводства ил.
225 Серия 2_
a Серия Морская библиотека
v Обозначение тома кн. 19
606 Тематические рубрики __
a Основная рубрика Художественная литература
z Хронологическая подрубрика 20 в.
y Географическая подрубрика Россия
606 Тематические рубрики __
a Основная рубрика Русская литература XX в. (произведения)
610 Ключевые слова 0_
a Ключевые слова детская литература; повести
686 Индексы других классификаций __
a Классификационный индекс 84(2Рос=Рус)6-4
700 Автор _1
a Фамилия Катаев
b Имя В. П.
4 Код отношения 070
702 Вторичная интеллектуальная ответственность _1
a Фамилия Кузнецов
b Имя М. М.
4 Код отношения Автор предисловия и т.д.
4 Код отношения 080
702 Вторичная интеллектуальная ответственность _1
a Фамилия Гармидер
b Имя Г. В.
4 Код отношения Художник
4 Код отношения 040
801 Источник записи _0
a Страна RU
b Организация Муниципальное бюджетное учреждение культуры "Централизованная библиотечная система" г. Сургут (Центральная городская библиотека им. А. С. Пушкина)
801 Источник записи _1
a Страна RU
b Организация Муниципальное бюджетное учреждение культуры "Централизованная библиотечная система" г. Сургут (Центральная городская библиотека им. А. С. Пушкина)
852 Данные о местонахождении __
j Шифр хранения 84(2Рос=Рус)6-4
c Каталожный индекс 84(2Рос=Рус)6-4
i Авторский знак К 29
901 Тип документа __
t Тип документа m
990 Данные о заказе (DOS) __
j Количество экземпляров (DOS) #